| Tag |
First Indicator |
Second Indicator |
Subfields |
| LEADER |
00000nam a2200000 4500 |
| 001 |
in00004222622 |
| 005 |
20200806095839.0 |
| 006 |
m g d |
| 007 |
cr bn |||a|bb| |
| 008 |
910404s1624 enk o 00| | eng d |
| 035 |
|
|
|a (UnM)99841492
|
| 037 |
|
|
|a CL0036000020
|b ProQuest. 789 E. Eisenhower Parkway, Ann Arbor, MI 48108-3218
|
| 040 |
|
|
|a Cu-RivES
|c Cu-RivES
|d CStRLIN
|e dcrb
|d WaOLN
|
| 100 |
1 |
|
|a Ailesbury, Thomas,
|d fl. 1622-1659.
|
| 245 |
1 |
0 |
|a Christus redivivus: or The first fruits of them that sleepe :
|b Deliuered in a sermon at the Temple Church in Easter tearme last, 1623.
|
| 246 |
2 |
|
|a First fruits of them that sleepe.
|
| 260 |
|
|
|a Printed at London :
|b By G. E[ld] for Leonard Becket, and are to be sold at his shop neere the Temple Church,
|c 1624.
|
| 300 |
|
|
|a 1 online resource ([4], 44 pages)
|
| 336 |
|
|
|a text
|b txt
|2 rdacontent
|
| 337 |
|
|
|a computer
|b c
|2 rdamedia
|
| 338 |
|
|
|a online resource
|b cr
|2 rdacarrier
|
| 500 |
|
|
|a By Thomas Ailesbury.
|
| 500 |
|
|
|a Printer's name from STC.
|
| 500 |
|
|
|a Dedication signed: T.S.
|
| 500 |
|
|
|a Identified as STC 21519b on UMI microfilm.
|
| 500 |
|
|
|a Reproduction of the original in the Folger Shakespeare Library.
|
| 510 |
4 |
|
|a STC (2nd edition)
|c 997.5.
|
| 533 |
|
|
|a Electronic reproduction.
|b Ann Arbor, Mich. :
|c UMI,
|d 1999-
|f (Early English books online)
|n Digital version of: (Early English books, 1475-1640 ; 717:12)
|7 s1999 miun s
|
| 650 |
|
0 |
|a Sermons, English
|y 17th century.
|
| 700 |
0 |
|
|a T. S.,
|d fl. 1624.
|
| 830 |
|
0 |
|a Early English books online.
|
| 856 |
4 |
0 |
|u http://proxy.library.tamu.edu/login?url=https://search.proquest.com/docview/2240855946
|z Connect to the full text of this electronic book
|t 0
|
| 999 |
f |
f |
|s c93ba57b-05c8-3576-a7ed-e3734a6f907a
|i 75164873-830e-3ea0-88e6-17327d220ca2
|t 0
|
| 952 |
f |
f |
|a Texas A&M University
|b College Station
|c Electronic Resources
|d Available Online
|t 0
|h No information provided
|
| 998 |
f |
f |
|t 0
|l Available Online
|